| 000 | 00389pab a2200145 454500 | ||
|---|---|---|---|
| 008 | 180718b1984 xxu||||| |||| 00| 0 eng d | ||
| 100 | _aCarter, F.W. | ||
| 245 |
_aPollution in Prague _bEnvironmental control in a centrally planned socialist country |
||
| 260 | _c1984 | ||
| 300 | _a258-73 | ||
| 362 | _aFeb. | ||
| 650 | _aPollution - Czechoslovakia | ||
| 773 | _aCities | ||
| 909 | _a15449 | ||
| 999 |
_c15449 _d15449 |
||